Measure and integration /
Guardado en:
| Autor Principal: | |
|---|---|
| Formato: | Libro |
| Idioma: | English |
| Publicado: |
New York :
Macmillan,
[1965]
|
| Materias: | |
| Etiquetas: |
Agregar Etiqueta
Sin Etiquetas, Sea el primero en etiquetar este registro!
|
| LEADER | 00724nam a22002171a 4500 | ||
|---|---|---|---|
| 001 | MAT.inmabb005630 | ||
| 008 | 840622s1965####nyua#####b####000#0#eng## | ||
| 005 | 20130221170646.0 | ||
| 245 | 1 | 0 | |a Measure and integration / |c [by] Sterling K. Berberian. |
| 260 | |a New York : |b Macmillan, |c [1965] | ||
| 300 | |a xviii, 312 p. : |b il. ; |c 24 cm. | ||
| 500 | |a Preliminary ed. has title: A first course in measure and integration. | ||
| 504 | |a Bibliografía: p. 305-307. | ||
| 510 | 4 | |a MR, |c 32 #1315 | |
| 100 | 1 | |a Berberian, Sterling K., |d 1926- | |
| 650 | 0 | |a Measure theory. | |
| 650 | 0 | |a Integrals, Generalized. | |
| 084 | |a 28-01 |2 msc2000 | ||
| 010 | |a 64023706 | ||
| 040 | |a DLC/ICU |c ICU |d DLC | ||
| 859 | |h 28 |i B484 |p A-2296 |b BIB. MATEMATICA | ||
